000 01118nac a22003137a 4500
001 BR8100047
003 BR-BrBNA
005 20240105114852.0
008 230509b bl.|||m| |||| 00| 0 por d
040 _aBR-BrBNA
_bpor
_cBiblioteca Nacional de Agricultura
072 _aH10
090 _a0336 BR8100047
100 1 _aFerreira, B.S.C.
110 1 _aCentro Nacional de Pesquisa de Soja, Londrina, PR (Brasil)
_91793
245 1 _aParasitismo de Trissolcus basalis em posturas de percevejos da soja [Glycine max; Inseto; Controle biologico; Brasil]
246 1 _a[Parasitism of Trissolcus basalis in egg laying of soybean bugs [Glycine max; Insect; Biological control; Brazil]]
260 3 _aLondrina, PR (Brasil):
_cJun 1980.
300 _a5 p.
490 _aPesquisa em Andamento - Centro Nacional de Pesquisa de Soja (Brazil)
_vno. 1
_x
500 _a7 ref.
650 _aPraga de planta
650 _aSoja
650 _aInseto
650 _aPercevejo
650 _aControle biologico
650 _aHospedeiro animal
909 _a202312
_bLúcia Elande
_c55
_dLúcia Elande
942 _2AGRIS
_n0
_cMS
999 _c271771
_d271771